| 000 -CABECERA |
| campo de control de longitud fija |
00872nam a2200241 a 4500 |
| 001 - NÚMERO DE CONTROL |
| campo de control |
000052329 |
| 005 - FECHA Y HORA DE LA ÚLTIMA TRANSACCIÓN |
| campo de control |
20200120222722.0 |
| 008 - DATOS DE LONGITUD FIJA--INFORMACIÓN GENERAL |
| campo de control de longitud fija |
130123s2001 ck g 000 0 spa d |
| 020 ## - NÚMERO INTERNACIONAL ESTÁNDAR DEL LIBRO |
| Número Internacional Estándar del Libro |
9586833704 |
| 041 0# - CÓDIGO DE LENGUA |
| Código de lengua del texto/banda sonora o título independiente |
spa |
| 043 ## - CÓDIGO DE ÁREA GEOGRÁFICA |
| Código de área geográfica |
s-ck--- |
| 082 04 - NÚMERO DE LA CLASIFICACIÓN DECIMAL DEWEY |
| Número de clasificación |
323.042 |
| Número de documento/Ítem |
C21 |
| Número de edición |
21 |
| 100 1# - ENTRADA PRINCIPAL--NOMBRE DE PERSONA |
| Nombre de persona |
Ceballos Arévalo, Miguel. |
| 245 10 - MENCIÓN DE TÍTULO |
| Título |
Participación y fortalecimiento institucional a nivel local en Colombia / |
| Mención de responsabilidad, etc. |
Miguel Ceballos y Gerard Martin. |
| 250 ## - MENCIÓN DE EDICIÓN |
| Mención de edición |
1.a ed. |
| 260 ## - PUBLICACIÓN, DISTRIBUCIÓN, ETC. |
| Lugar de publicación, distribución, etc. |
Bogotá : |
| Nombre del editor, distribuidor, etc. |
CEJA, |
| Fecha de publicación, distribución, etc. |
2001. |
| 300 ## - DESCRIPCIÓN FÍSICA |
| Extensión |
327 p. |
| 500 ## - NOTA GENERAL |
| Nota general |
Ej.1 de Biblioparque de Funza : Colección Proveniente de la Antigua Biblioteca Municipal, Centro Cultural Bacatá, Funza (Cundinamarca). |
| 500 ## - NOTA GENERAL |
| Nota general |
Incluye información biográfica de los autores en la solapa. |
| 504 ## - NOTA DE BIBLIOGRAFÍA, ETC. |
| Nota de bibliografía, etc. |
Incluye bibliografía. |
| 650 14 - PUNTO DE ACCESO ADICIONAL DE MATERIA--TÉRMINO DE MATERIA |
| Término de materia o nombre geográfico como elemento de entrada |
Democracia |
| Subdivisión geográfica |
Colombia |
| 650 24 - PUNTO DE ACCESO ADICIONAL DE MATERIA--TÉRMINO DE MATERIA |
| Término de materia o nombre geográfico como elemento de entrada |
Participación social |
| Subdivisión geográfica |
Colombia |